| 000 | 00578nam a2200181Ia 4500 | ||
|---|---|---|---|
| 008 | 151018s9999 xx 000 0 und d | ||
| 082 |
_bRBASDV33303 _a891.462 |
||
| 100 | _aविजय तेंडुलकर | ||
| 245 | _aपंख जाहले वैरी | ||
| 250 | _b1 | ||
| 260 |
_bचीरानी _c2000 |
||
| 300 | _a72 | ||
| 600 | _aविजय तेंडुलकर | ||
| 630 | _aपंख जाहले वैरी | ||
| 700 | _aविजय तेंडुलकर | ||
| 730 | _aपंख जाहले वैरी | ||
| 942 | _cBOOK | ||
| 999 |
_c1032818 _d1032815 |
||